000 00903nam a2200229Ia 4500
999 _c45275
_d45275
001 12099
003 GE_BSU
005 20221118161104.0
008 181216s2013en xx |||||||||||||| ||eng||
020 _a9780199764488x
040 _cGE_BSU
041 _aeng
080 _a327 D-53
245 _aDiplomacy in a Globalizing World:Theories and Practices /
_cEdited by : Pauline Kerr, Geoffrey Wiseman
264 _aNew York :
_bOxford University Press,
_c2013.
300 _a406 p.:
_bmap. ill.,
_c23 cm.
653 _aDiplomacy in a Globalizing World:Theories and Practices
653 _aდიპლომატია გლობალიზაციის სამყაროში: თეორიები და პრაქტიკა
700 _aKerr, Pauline
_eრედაქტორი
_915936
700 _aWiseman, Geoffrey
_eრედაქტორი
_915937
942 _cBK
_2udc